La gestión escolar en la escuela primaria / (Record no. 102000)
[ view plain ]
| 000 -CABECERA | |
|---|---|
| campo de control de longitud fija | 00929ngm a2200193 a 4500 |
| 005 - FECHA Y HORA DE LA ÚLTIMA TRANSACCIÓN | |
| campo de control | 20240924064312.0 |
| 008 - ELEMENTOS DE LONGITUD FIJA--INFORMACIÓN GENERAL | |
| campo de control de longitud fija | 031009s1999 mx 085 d daspa d |
| 035 ## - NÚMERO DE CONTROL DEL SISTEMA | |
| Número de control de sistema | UPN01000129843 |
| 049 ## - COLECCIÓN | |
| Colección | AV |
| 050 #4 - SIGNATURA TOPOGRÁFICA DE LA BIBLIOTECA DEL CONGRESO | |
| Número de clasificación | PVI L 1236 |
| 100 1# - ASIENTO PRINCIPAL--NOMBRE PERSONAL | |
| Nombre de persona | Schmelkes del Valle, Sylvia, |
| Fechas asociadas al nombre | 1948- |
| 9 (RLIN) | 29981 |
| 245 13 - MENCIÓN DE TÍTULO | |
| Título | La gestión escolar en la escuela primaria / |
| Mención de responsabilidad, etc. | Sylvia Schmelkes. |
| 260 ## - PUBLICACIÓN, DISTRIBUCIÓN, ETC. | |
| Lugar de publicación, distribución, etc. | México : |
| Nombre del editor, distribuidor, etc. | SEP : |
| -- | Cooperación Española, |
| Fecha de publicación, distribución, etc. | 1999. |
| 300 ## - DESCRIPCIÓN FÍSICA | |
| Extensión | 1 videocasete (VHS) (85 min.) : |
| Otras características físicas | son., col. |
| 520 ## - NOTA DE RESUMEN, ETC. | |
| Sumario, etc. | En México siempre ha existido una baja calidad en la educación débido a factores como la pobreza, necesidad de trabajo, mala alimentación, y la salud. En éste documental se menciona que los sistemas educativos debén planearse para responder a las necesidades de hoy y del mañana |
| 650 #4 - ASIENTO SECUNDARIO DE MATERIA - TERMINO TEMATICO | |
| Término de materia o nombre geográfico como elemento de entrada | Educación primaria |
| Subdivisión de forma | Planes y programas |
| 9 (RLIN) | 9146 |
| 650 #4 - ASIENTO SECUNDARIO DE MATERIA - TERMINO TEMATICO | |
| Término de materia o nombre geográfico como elemento de entrada | Educación |
| Subdivisión de forma | Planes y programas |
| 9 (RLIN) | 6413 |
| 905 ## - TIPO DE MATERIAL | |
| Tipo de material | Audiovisuales |
| Estado de retiro | Estado de pérdida | Fuente del sistema de clasificación o colocación | Estado dañado | No para préstamo | Código de colección | Localización permanente | Ubicación/localización actual | Ubicación en estantería | Total de préstamos | Clasificación | Código de barras | Fecha visto por última vez | Número de copia | Tipo de ítem Koha |
|---|---|---|---|---|---|---|---|---|---|---|---|---|---|---|
| Library of Congress Classification | Audiovisuales | Bib. Gregorio Torres Quintero | Bib. Gregorio Torres Quintero | Audiovisual | PVI L 1236 | 219836 | 31/12/2020 | 1 | Videocasete |
